[Event "8th Vellmar Chess Days"]
[Site "chess24.com"]
[Date "2016.07.30"]
[Round "5"]
[White "Woelk, Tom-Frederic"]
[Black "Ziegenfuss, Holger"]
[Result "0-1"]
[Board "18"]
[WhiteElo "1943"]
[WhiteCountry "GER"]
[WhiteFideId "12993077"]
[WhiteEloChange "-6"]
[BlackElo "2075"]
[BlackCountry "GER"]
[BlackFideId "12926140"]
[BlackEloChange "6"]

1. e4 {[%clk 1:30:30]} e5 {[%clk 1:30:30]} 2. Nf3 {[%clk 1:30:30]} Nc6 {[%clk
1:30:30]} 3. Bc4 {[%clk 1:30:30]} Nf6 {[%clk 1:30:31]} 4. d3 {[%clk 1:30:30]} Be7
{[%clk 1:30:31]} 5. c3 {[%clk 1:27:28]} d6 {[%clk 1:30:31]} 6. Nbd2 {[%clk
1:26:40]} a6 {[%clk 1:30:50]} 7. a4 {[%clk 1:24:32]} O-O {[%clk 1:29:05]} 8. O-O
{[%clk 1:20:23]} Na5 {[%clk 1:26:19]} 9. Ba2 {[%clk 1:19:28]} c5 {[%clk 1:25:48]}
10. Re1 {[%clk 1:15:34]} Bd7 {[%clk 1:22:00]} 11. d4 {[%clk 1:13:55]} Qc7 {[%clk
1:21:56]} 12. Nf1 {[%clk 1:02:29]} b5 {[%clk 1:14:38]} 13. axb5 {[%clk 0:58:54]}
axb5 {[%clk 1:14:49]} 14. Ne3 {[%clk 0:53:00]} c4 {[%clk 1:14:18]} 15. Bd2 {[%clk
0:50:51]} Bc6 {[%clk 1:11:00]} 16. d5 {[%clk 0:46:49]} Bd7 {[%clk 1:10:47]} 17.
Nc2 {[%clk 0:46:42]} Nb7 {[%clk 1:08:09]} 18. Bg5 {[%clk 0:45:46]} Nc5 {[%clk
1:07:36]} 19. Bxf6 {[%clk 0:46:07]} Bxf6 {[%clk 1:07:47]} 20. Nb4 {[%clk
0:46:32]} Be7 {[%clk 1:05:26]} 21. Nd2 {[%clk 0:45:32]} Bg5 {[%clk 1:04:09]} 22.
Nf3 {[%clk 0:35:14]} Bh6 {[%clk 1:03:37]} 23. Nh4 {[%clk 0:34:01]} g6 {[%clk
1:03:18]} 24. Qe2 {[%clk 0:24:29]} Ra7 {[%clk 1:02:38]} 25. Red1 {[%clk 0:22:13]}
Rfa8 {[%clk 1:02:36]} 26. Qf1 {[%clk 0:22:16]} Nxe4 {[%clk 0:58:41]} 27. g3
{[%clk 0:20:36]} Qc5 {[%clk 0:53:21]} 28. Kg2 {[%clk 0:19:51]} Qc8 {[%clk
0:42:56]} 29. Qe2 {[%clk 0:18:35]} Nc5 {[%clk 0:41:14]} 30. f4 {[%clk 0:12:23]}
Bg4 {[%clk 0:39:36]} 31. Qf2 {[%clk 0:11:49]} Bxd1 {[%clk 0:38:03]} 32. Rxd1
{[%clk 0:12:07]} Rxa2 {[%clk 0:38:25]} 33. Nxa2 {[%clk 0:12:30]} Rxa2 {[%clk
0:38:44]} 34. fxe5 {[%clk 0:12:48]} Nd3 {[%clk 0:38:50]} 35. Qf6 {[%clk 0:12:18]}
Rxb2+ {[%clk 0:38:43]} 36. Kh1 {[%clk 0:11:53]} Nf2+ {[%clk 0:38:58]} 37. Kg1
{[%clk 0:11:53]} Nxd1 {[%clk 0:36:00]} 38. exd6 {[%clk 0:11:25]} Qc5+ {[%clk
0:36:04]} 0-1

[Event "8th Vellmar Chess Days"]
[Site "chess24.com"]
[Date "2016.07.30"]
[Round "5"]
[White "Koenig, Friedrich Theodor"]
[Black "Kiesel, Harald"]
[Result "0-1"]
[Board "19"]
[WhiteElo "1805"]
[WhiteCountry "GER"]
[WhiteFideId "12956600"]
[WhiteEloChange "-4"]
[BlackElo "2074"]
[BlackCountry "GER"]
[BlackFideId "4616014"]
[BlackEloChange "4"]

1. d4 {[%clk 1:30:57]} e6 {[%clk 1:30:49]} 2. c4 {[%clk 1:31:12]} Nf6 {[%clk
1:31:03]} 3. Nc3 {[%clk 1:31:37]} d5 {[%clk 1:30:28]} 4. cxd5 {[%clk 1:31:35]}
exd5 {[%clk 1:30:47]} 5. Bg5 {[%clk 1:32:03]} Be7 {[%clk 1:30:22]} 6. e3 {[%clk
1:32:20]} O-O {[%clk 1:28:30]} 7. Bd3 {[%clk 1:32:39]} c6 {[%clk 1:28:03]} 8. Qc2
{[%clk 1:32:58]} Nbd7 {[%clk 1:27:05]} 9. Nge2 {[%clk 1:33:24]} Re8 {[%clk
1:27:08]} 10. O-O {[%clk 1:33:50]} Nf8 {[%clk 1:27:29]} 11. Bh4 {[%clk 1:24:37]}
Nh5 {[%clk 1:22:38]} 12. Bxe7 {[%clk 1:19:33]} Qxe7 {[%clk 1:23:00]} 13. Rfc1
{[%clk 1:16:49]} a5 {[%clk 1:20:15]} 14. Na4 {[%clk 1:15:20]} Qg5 {[%clk
1:16:44]} 15. Ng3 {[%clk 1:07:16]} Nxg3 {[%clk 1:16:54]} 16. hxg3 {[%clk
1:07:46]} Bg4 {[%clk 1:05:26]} 17. Nb6 {[%clk 0:59:52]} Rad8 {[%clk 1:05:02]} 18.
Be2 {[%clk 0:48:35]} Bxe2 {[%clk 1:01:29]} 19. Qxe2 {[%clk 0:49:01]} Rd6 {[%clk
1:01:42]} 20. Rc5 {[%clk 0:46:36]} Ne6 {[%clk 0:59:51]} 21. Nc4 {[%clk 0:34:52]}
Rdd8 {[%clk 0:58:09]} 22. Rxa5 {[%clk 0:32:45]} Nxd4 {[%clk 0:58:06]} 23. Qd1
{[%clk 0:31:55]} Nf5 {[%clk 0:53:05]} 24. Nd2 {[%clk 0:28:40]} Qf6 {[%clk
0:48:02]} 25. g4 {[%clk 0:18:30]} Nd6 {[%clk 0:47:27]} 26. Rb1 {[%clk 0:15:10]}
Qg6 {[%clk 0:39:06]} 27. Rc1 {[%clk 0:11:00]} h6 {[%clk 0:36:00]} 28. Ra7 {[%clk
0:10:30]} d4 {[%clk 0:32:04]} 29. exd4 {[%clk 0:08:56]} Nb5 {[%clk 0:32:27]} 30.
Rxb7 {[%clk 0:06:55]} Nxd4 {[%clk 0:32:49]} 31. Rc4 {[%clk 0:05:55]} Ne2+ {[%clk
0:31:41]} 32. Kh1 {[%clk 0:03:41]} Rxd2 {[%clk 0:31:15]} 33. Qxd2 {[%clk
0:03:13]} Qb1+ {[%clk 0:31:39]} 34. Rc1 {[%clk 0:02:45]} Qxc1+ {[%clk 0:31:26]}
35. Qxc1 {[%clk 0:03:13]} Nxc1 {[%clk 0:31:49]} 36. Rc7 {[%clk 0:03:16]} Nxa2
{[%clk 0:30:32]} 0-1

[Event "8th Vellmar Chess Days"]
[Site "chess24.com"]
[Date "2016.07.30"]
[Round "5"]
[White "Dannhaeuser, Kevin"]
[Black "Lutz, Ruben"]
[Result "1/2-1/2"]
[Board "20"]
[WhiteElo "2056"]
[WhiteCountry "GER"]
[WhiteFideId "12912760"]
[WhiteEloChange "-7"]
[BlackElo "1733"]
[BlackCountry "GER"]
[BlackFideId "12975974"]
[BlackEloChange "7"]

1. Nf3 {[%clk 1:30:59]} d5 {[%clk 1:30:48]} 2. g3 {[%clk 1:31:23]} Nf6 {[%clk
1:31:03]} 3. Bg2 {[%clk 1:31:43]} e6 {[%clk 1:30:39]} 4. O-O {[%clk 1:32:01]}
Nbd7 {[%clk 1:30:48]} 5. d3 {[%clk 1:32:12]} c6 {[%clk 1:31:12]} 6. c3 {[%clk
1:32:32]} Be7 {[%clk 1:30:58]} 7. a3 {[%clk 1:32:52]} O-O {[%clk 1:30:50]} 8. b4
{[%clk 1:33:13]} b6 {[%clk 1:23:10]} 9. Nbd2 {[%clk 1:32:57]} Bb7 {[%clk
1:23:21]} 10. Bb2 {[%clk 1:31:40]} Rc8 {[%clk 1:22:57]} 11. c4 {[%clk 1:29:27]}
c5 {[%clk 1:19:58]} 12. b5 {[%clk 1:26:41]} Qc7 {[%clk 1:15:58]} 13. a4 {[%clk
1:26:45]} dxc4 {[%clk 1:14:57]} 14. Nxc4 {[%clk 1:26:37]} Nd5 {[%clk 1:14:16]}
15. Qd2 {[%clk 1:17:13]} Bf6 {[%clk 1:10:00]} 16. Rfc1 {[%clk 1:09:40]} Bxb2
{[%clk 1:06:42]} 17. Qxb2 {[%clk 1:10:02]} Rfd8 {[%clk 1:04:06]} 18. Nfe5 {[%clk
1:08:18]} Nxe5 {[%clk 1:04:04]} 19. Nxe5 {[%clk 1:08:00]} Nb4 {[%clk 1:01:17]}
20. Bxb7 {[%clk 1:06:58]} Qxb7 {[%clk 1:01:45]} 21. Rc4 {[%clk 1:06:01]} f6
{[%clk 0:59:03]} 22. Nf3 {[%clk 1:05:07]} e5 {[%clk 0:56:42]} 23. Rh4 {[%clk
0:57:58]} Nxd3 {[%clk 0:35:05]} 24. Qc2 {[%clk 0:58:13]} e4 {[%clk 0:29:57]} 25.
Qc4+ {[%clk 0:55:48]} Qd5 {[%clk 0:25:25]} 26. Qxe4 {[%clk 0:55:36]} Qxe4 {[%clk
0:24:30]} 27. Rxe4 {[%clk 0:56:00]} Nb4 {[%clk 0:23:42]} 28. Re7 {[%clk 0:56:24]}
1/2-1/2

[Event "8th Vellmar Chess Days"]
[Site "chess24.com"]
[Date "2016.07.30"]
[Round "5"]
[White "Buschle, Lukas"]
[Black "Koch, Yannick"]
[Result "1/2-1/2"]
[Board "21"]
[WhiteElo "2042"]
[WhiteCountry "GER"]
[WhiteFideId "12923931"]
[WhiteEloChange "-3"]
[BlackElo "1930"]
[BlackCountry "GER"]
[BlackFideId "24661678"]
[BlackEloChange "3"]

1. d4 {[%clk 1:30:57]} e6 {[%clk 1:30:44]} 2. c4 {[%clk 1:31:23]} Nf6 {[%clk
1:31:05]} 3. Nf3 {[%clk 1:31:49]} b6 {[%clk 1:31:24]} 4. e3 {[%clk 1:32:14]} Bb7
{[%clk 1:30:53]} 5. Bd3 {[%clk 1:32:39]} Be7 {[%clk 1:28:36]} 6. O-O {[%clk
1:32:44]} O-O {[%clk 1:28:42]} 7. Nc3 {[%clk 1:30:28]} d5 {[%clk 1:28:29]} 8. Qe2
{[%clk 1:29:00]} Nbd7 {[%clk 1:22:59]} 9. b3 {[%clk 1:28:04]} c5 {[%clk 1:16:40]}
10. Bb2 {[%clk 1:24:19]} cxd4 {[%clk 1:04:04]} 11. exd4 {[%clk 1:23:58]} dxc4
{[%clk 1:00:42]} 12. bxc4 {[%clk 1:22:49]} Bxf3 {[%clk 0:58:26]} 13. Qxf3 {[%clk
1:22:55]} e5 {[%clk 0:58:47]} 14. Nd5 {[%clk 1:11:41]} Nxd5 {[%clk 0:53:07]} 15.
cxd5 {[%clk 1:12:03]} exd4 {[%clk 0:43:39]} 16. Bxd4 {[%clk 1:02:13]} Bf6 {[%clk
0:40:42]} 17. Bxf6 {[%clk 1:00:09]} Nxf6 {[%clk 0:40:49]} 18. Rfd1 {[%clk
0:57:42]} Qd6 {[%clk 0:24:13]} 19. Bb5 {[%clk 0:53:38]} Rad8 {[%clk 0:23:35]} 20.
Bc6 {[%clk 0:43:12]} Nd7 {[%clk 0:21:59]} 21. Bxd7 {[%clk 0:41:19]} Rxd7 {[%clk
0:21:48]} 22. Rac1 {[%clk 0:39:51]} Rfd8 {[%clk 0:20:52]} 23. Rc3 {[%clk
0:35:55]} h6 {[%clk 0:19:30]} 24. g3 {[%clk 0:32:54]} Qe5 {[%clk 0:19:02]} 25.
Re3 {[%clk 0:30:27]} Qd6 {[%clk 0:18:16]} 26. Rc3 {[%clk 0:21:16]} Qb4 {[%clk
0:17:02]} 27. Kg2 {[%clk 0:18:53]} Qd6 {[%clk 0:15:53]} 28. h4 {[%clk 0:14:29]}
Qe5 {[%clk 0:14:46]} 29. Re3 {[%clk 0:13:51]} Qb2 {[%clk 0:14:29]} 30. Re2 {[%clk
0:11:55]} Qb5 {[%clk 0:13:54]} 31. Red2 {[%clk 0:12:07]} Rd6 {[%clk 0:13:50]} 32.
Rd3 {[%clk 0:11:48]} Qc4 {[%clk 0:09:49]} 33. R1d2 {[%clk 0:10:30]} Qb5 {[%clk
0:09:05]} 34. Rd1 {[%clk 0:07:13]} Qd7 {[%clk 0:09:03]} 35. R1d2 {[%clk 0:06:49]}
b5 {[%clk 0:09:13]} 36. Rd4 {[%clk 0:05:05]} a6 {[%clk 0:07:48]} 37. Qb3 {[%clk
0:03:50]} a5 {[%clk 0:05:51]} 38. Qc3 {[%clk 0:02:26]} Qa7 {[%clk 0:04:40]} 39.
Rg4 {[%clk 0:01:41]} f6 {[%clk 0:02:52]} 40. Rgd4 {[%clk 0:00:44]} Qb6 {[%clk
0:00:50]} 41. a3 {[%clk 0:26:47]} R8d7 {[%clk 0:28:17]} 42. Qc8+ {[%clk 0:26:26]}
Kf7 {[%clk 0:27:39]} 43. Qc2 {[%clk 0:22:31]} Kg8 {[%clk 0:19:22]} 44. h5 {[%clk
0:18:47]} Re7 {[%clk 0:17:08]} 45. Qc8+ {[%clk 0:18:44]} Kf7 {[%clk 0:16:41]} 46.
Qf5 {[%clk 0:16:53]} Qc5 {[%clk 0:12:29]} 47. Rc2 {[%clk 0:14:50]} Qb6 {[%clk
0:10:14]} 48. Rg4 {[%clk 0:08:22]} Kg8 {[%clk 0:05:14]} 49. Re4 {[%clk 0:06:38]}
Rxe4 {[%clk 0:04:50]} 50. Qxe4 {[%clk 0:07:06]} Rd8 {[%clk 0:03:39]} 1/2-1/2

[Event "8th Vellmar Chess Days"]
[Site "chess24.com"]
[Date "2016.07.30"]
[Round "5"]
[White "Colbow, Collin"]
[Black "Guelsen, Taylan"]
[Result "0-1"]
[Board "22"]
[WhiteElo "1794"]
[WhiteCountry "GER"]
[WhiteFideId "16201132"]
[WhiteEloChange "-4"]
[BlackElo "2063"]
[BlackCountry "GER"]
[BlackFideId "24603635"]
[BlackEloChange "4"]

1. e4 {[%clk 1:30:43]} c5 {[%clk 1:30:53]} 2. Nf3 {[%clk 1:31:04]} Nc6 {[%clk
1:31:16]} 3. d4 {[%clk 1:31:25]} cxd4 {[%clk 1:31:42]} 4. Nxd4 {[%clk 1:31:48]}
e5 {[%clk 1:31:55]} 5. Nb5 {[%clk 1:32:07]} d6 {[%clk 1:32:19]} 6. N1c3 {[%clk
1:32:29]} a6 {[%clk 1:31:38]} 7. Na3 {[%clk 1:32:46]} Be6 {[%clk 1:31:08]} 8. Nc4
{[%clk 1:32:02]} Rc8 {[%clk 1:31:23]} 9. Be3 {[%clk 1:29:49]} Nd4 {[%clk
1:30:30]} 10. Bxd4 {[%clk 1:29:44]} Bxc4 {[%clk 1:30:38]} 11. Bxc4 {[%clk
1:29:35]} Rxc4 {[%clk 1:31:04]} 12. Be3 {[%clk 1:29:48]} Nf6 {[%clk 1:31:12]} 13.
f3 {[%clk 1:27:41]} d5 {[%clk 1:22:15]} 14. Nxd5 {[%clk 1:18:38]} Nxe4 {[%clk
1:17:41]} 15. fxe4 {[%clk 1:13:56]} Qh4+ {[%clk 1:18:05]} 16. Bf2 {[%clk
1:10:28]} Qxe4+ {[%clk 1:18:28]} 17. Ne3 {[%clk 1:02:39]} Bc5 {[%clk 1:17:55]}
18. Qd3 {[%clk 0:54:11]} Bxe3 {[%clk 1:14:45]} 19. Bxe3 {[%clk 0:52:55]} Qc6
{[%clk 1:08:45]} 20. O-O {[%clk 0:43:42]} Rxc2 {[%clk 1:08:56]} 21. Rf2 {[%clk
0:43:29]} Rxf2 {[%clk 1:04:36]} 22. Bxf2 {[%clk 0:40:51]} O-O {[%clk 1:04:59]}
23. Re1 {[%clk 0:40:29]} Qe6 {[%clk 0:59:20]} 24. b3 {[%clk 0:38:47]} b5 {[%clk
0:56:20]} 25. Rd1 {[%clk 0:35:55]} e4 {[%clk 0:56:29]} 26. Qd4 {[%clk 0:29:50]}
f5 {[%clk 0:30:51]} 27. g3 {[%clk 0:18:48]} f4 {[%clk 0:23:39]} 28. Qd5 {[%clk
0:06:36]} Qxd5 {[%clk 0:23:33]} 29. Rxd5 {[%clk 0:07:04]} e3 {[%clk 0:23:44]} 30.
Rd6 {[%clk 0:03:09]} exf2+ {[%clk 0:23:42]} 31. Kxf2 {[%clk 0:03:32]} fxg3+
{[%clk 0:23:58]} 32. Kxg3 {[%clk 0:03:53]} Rf6 {[%clk 0:24:21]} 33. Rd7 {[%clk
0:03:54]} h6 {[%clk 0:21:54]} 34. a4 {[%clk 0:02:19]} Rc6 {[%clk 0:21:44]} 35.
axb5 {[%clk 0:01:48]} axb5 {[%clk 0:21:59]} 36. Rd3 {[%clk 0:02:05]} b4 {[%clk
0:22:07]} 37. Kg4 {[%clk 0:01:09]} Rc3 {[%clk 0:22:19]} 38. Rd8+ {[%clk 0:30:36]}
Kh7 {[%clk 0:52:53]} 39. Rb8 {[%clk 0:31:00]} Rxb3 {[%clk 0:53:15]} 40. h4 {[%clk
0:31:09]} Rb1 {[%clk 0:53:16]} 41. h5 {[%clk 0:27:29]} b3 {[%clk 0:51:22]} 42.
Kg3 {[%clk 0:27:24]} b2 {[%clk 0:51:35]} 43. Kg2 {[%clk 0:27:41]} Rc1 {[%clk
0:52:02]} 44. Rxb2 {[%clk 0:27:50]} Rc5 {[%clk 0:52:27]} 45. Kf3 {[%clk 0:27:25]}
Rxh5 {[%clk 0:52:49]} 46. Kg4 {[%clk 0:27:42]} Rg5+ {[%clk 0:52:32]} 47. Kh4
{[%clk 0:28:02]} Ra5 {[%clk 0:52:52]} 48. Rb7 {[%clk 0:27:59]} Kg6 {[%clk
0:52:37]} 49. Rb6+ {[%clk 0:28:09]} Kh7 {[%clk 0:51:08]} 50. Rb7 {[%clk 0:28:31]}
h5 {[%clk 0:51:27]} 51. Rc7 {[%clk 0:28:38]} Kh6 {[%clk 0:51:48]} 52. Rc6+ {[%clk
0:28:53]} g6 {[%clk 0:52:11]} 53. Rb6 {[%clk 0:28:59]} Ra4+ {[%clk 0:52:31]} 54.
Kg3 {[%clk 0:29:02]} h4+ {[%clk 0:52:32]} 55. Kh3 {[%clk 0:29:23]} Kh5 {[%clk
0:52:50]} 56. Rb5+ {[%clk 0:29:14]} g5 {[%clk 0:53:11]} 57. Kg2 {[%clk 0:29:20]}
Ra3 {[%clk 0:53:29]} 58. Kh2 {[%clk 0:29:35]} h3 {[%clk 0:53:43]} 59. Rb8 {[%clk
0:29:15]} Kh4 {[%clk 0:54:02]} 60. Rb4+ {[%clk 0:29:30]} g4 {[%clk 0:54:21]} 61.
Rc4 {[%clk 0:29:01]} Ra2+ {[%clk 0:54:37]} 62. Kh1 {[%clk 0:29:11]} Re2 {[%clk
0:54:03]} 63. Ra4 {[%clk 0:27:55]} Kg3 {[%clk 0:54:17]} 64. Ra3+ {[%clk 0:28:12]}
Kf4 {[%clk 0:54:31]} 65. Ra4+ {[%clk 0:28:00]} Re4 {[%clk 0:54:49]} 66. Ra1
{[%clk 0:27:43]} g3 {[%clk 0:54:55]} 67. Rf1+ {[%clk 0:27:26]} Kg4 {[%clk
0:54:29]} 68. Rg1 {[%clk 0:27:19]} Rb4 {[%clk 0:50:45]} 69. Rc1 {[%clk 0:27:19]}
Rb2 {[%clk 0:50:14]} 70. Rc4+ {[%clk 0:27:35]} Kf3 {[%clk 0:50:32]} 71. Rc3+
{[%clk 0:27:53]} Kf4 {[%clk 0:50:24]} 72. Rc4+ {[%clk 0:28:11]} Ke5 {[%clk
0:50:44]} 73. Rc5+ {[%clk 0:27:53]} Kd4 {[%clk 0:51:06]} 74. Rc1 {[%clk 0:28:03]}
Kd3 {[%clk 0:49:58]} 75. Ra1 {[%clk 0:26:58]} Kc2 {[%clk 0:50:14]} 0-1

[Event "8th Vellmar Chess Days"]
[Site "chess24.com"]
[Date "2016.07.30"]
[Round "5"]
[White "Meyner, Hannes"]
[Black "Boerma, Daniel"]
[Result "1-0"]
[Board "23"]
[WhiteElo "2204"]
[WhiteCountry "GER"]
[WhiteFideId "4664205"]
[WhiteEloChange "3"]
[BlackElo "1926"]
[BlackCountry "GER"]
[BlackFideId "12965715"]
[BlackEloChange "-3"]

1. d4 {[%clk 1:30:55]} d5 {[%clk 1:30:54]} 2. c4 {[%clk 1:31:19]} e6 {[%clk
1:30:48]} 3. Nf3 {[%clk 1:31:31]} Nf6 {[%clk 1:31:09]} 4. g3 {[%clk 1:31:55]} Bd6
{[%clk 1:31:06]} 5. Bg2 {[%clk 1:32:04]} O-O {[%clk 1:30:56]} 6. O-O {[%clk
1:30:28]} Nbd7 {[%clk 1:30:35]} 7. Nbd2 {[%clk 1:24:01]} c6 {[%clk 1:29:37]} 8.
Qc2 {[%clk 1:21:27]} Re8 {[%clk 1:26:57]} 9. Rd1 {[%clk 1:12:09]} Qe7 {[%clk
1:22:44]} 10. e4 {[%clk 1:01:22]} dxe4 {[%clk 1:21:46]} 11. Nxe4 {[%clk 1:01:17]}
Nxe4 {[%clk 1:22:06]} 12. Qxe4 {[%clk 1:01:42]} Nf6 {[%clk 1:22:30]} 13. Qe2
{[%clk 0:57:39]} Bd7 {[%clk 1:20:07]} 14. a3 {[%clk 0:55:16]} a5 {[%clk 1:16:51]}
15. Ne5 {[%clk 0:54:28]} Red8 {[%clk 1:15:44]} 16. Bf4 {[%clk 0:53:31]} Be8
{[%clk 1:11:23]} 17. Nd3 {[%clk 0:45:35]} Rd7 {[%clk 1:05:22]} 18. Bxd6 {[%clk
0:37:10]} Rxd6 {[%clk 1:05:32]} 19. Ne5 {[%clk 0:37:19]} Qc7 {[%clk 0:59:20]} 20.
c5 {[%clk 0:36:38]} Rdd8 {[%clk 0:59:13]} 21. Nc4 {[%clk 0:36:46]} Nd5 {[%clk
0:59:25]} 22. Bxd5 {[%clk 0:35:36]} exd5 {[%clk 0:58:30]} 23. Nb6 {[%clk
0:29:54]} Rab8 {[%clk 0:55:57]} 24. Rd3 {[%clk 0:27:33]} f6 {[%clk 0:55:19]} 25.
Re3 {[%clk 0:27:41]} Bf7 {[%clk 0:53:54]} 26. Re1 {[%clk 0:21:29]} Kf8 {[%clk
0:53:27]} 27. Re7 {[%clk 0:21:20]} 1-0

[Event "8th Vellmar Chess Days"]
[Site "chess24.com"]
[Date "2016.07.30"]
[Round "5"]
[White "Bergauz, Avigdor"]
[Black "Cai, Zhuoran"]
[Result "1/2-1/2"]
[Board "24"]
[WhiteElo "2153"]
[WhiteCountry "GER"]
[WhiteFideId "12943770"]
[WhiteEloChange "-6"]
[BlackElo "1898"]
[BlackCountry "CHN"]
[BlackFideId "8608091"]
[BlackEloChange "6"]

1. c4 {[%clk 1:30:30]} Nf6 {[%clk 1:15:00]} 2. Nc3 {[%clk 1:30:58]} g6 {[%clk
1:15:19]} 3. g3 {[%clk 1:31:27]} Bg7 {[%clk 1:15:16]} 4. Bg2 {[%clk 1:31:56]} O-O
{[%clk 1:15:22]} 5. e3 {[%clk 1:32:04]} c6 {[%clk 1:15:04]} 6. Nge2 {[%clk
1:32:07]} d5 {[%clk 1:14:31]} 7. d4 {[%clk 1:32:15]} dxc4 {[%clk 1:12:24]} 8. a4
{[%clk 1:32:44]} Na6 {[%clk 1:11:59]} 9. O-O {[%clk 1:33:00]} Nb4 {[%clk
1:07:03]} 10. a5 {[%clk 1:33:06]} Nd3 {[%clk 1:00:43]} 11. a6 {[%clk 1:29:49]}
Qc7 {[%clk 0:57:30]} 12. axb7 {[%clk 1:29:18]} Bxb7 {[%clk 0:56:38]} 13. Qa4
{[%clk 1:28:25]} c5 {[%clk 0:52:26]} 14. d5 {[%clk 1:24:36]} Nb4 {[%clk 0:46:59]}
15. e4 {[%clk 1:20:13]} Qd7 {[%clk 0:45:27]} 16. Qa5 {[%clk 1:11:44]} Rfc8 {[%clk
0:40:20]} 17. Nf4 {[%clk 1:03:25]} Nd3 {[%clk 0:32:48]} 18. Bh3 {[%clk 1:00:56]}
Qd8 {[%clk 0:29:46]} 19. Bxc8 {[%clk 1:00:53]} Qxc8 {[%clk 0:30:16]} 20. Kg2
{[%clk 0:50:34]} Ng4 {[%clk 0:19:20]} 21. Qb5 {[%clk 0:44:42]} Nge5 {[%clk
0:16:58]} 22. Nxd3 {[%clk 0:44:17]} cxd3 {[%clk 0:17:01]} 23. f4 {[%clk 0:45:15]}
a6 {[%clk 0:17:17]} 24. Qa5 {[%clk 0:32:50]} Nc4 {[%clk 0:16:41]} 25. Qa4 {[%clk
0:32:12]} Nd6 {[%clk 0:16:36]} 26. e5 {[%clk 0:29:35]} Nb5 {[%clk 0:14:23]} 27.
Qc4 {[%clk 0:29:10]} Nxc3 {[%clk 0:14:07]} 28. bxc3 {[%clk 0:29:16]} Qe6 {[%clk
0:12:10]} 29. Qxd3 {[%clk 0:28:43]} Bxd5+ {[%clk 0:11:57]} 30. Kg1 {[%clk
0:29:11]} Bc4 {[%clk 0:11:29]} 31. Qf3 {[%clk 0:27:58]} Rd8 {[%clk 0:11:57]} 32.
Rd1 {[%clk 0:27:43]} Rxd1+ {[%clk 0:12:04]} 33. Qxd1 {[%clk 0:28:11]} f6 {[%clk
0:12:25]} 34. Rb1 {[%clk 0:22:30]} Bb5 {[%clk 0:12:30]} 35. Be3 {[%clk 0:12:40]}
1/2-1/2

[Event "8th Vellmar Chess Days"]
[Site "chess24.com"]
[Date "2016.07.30"]
[Round "5"]
[White "Krosenbrink, Marcel"]
[Black "Doerge, Sven"]
[Result "0-1"]
[Board "25"]
[WhiteElo "1894"]
[WhiteCountry "NED"]
[WhiteFideId "1033271"]
[WhiteEloChange "-6"]
[BlackElo "2039"]
[BlackCountry "GER"]
[BlackFideId "24657638"]
[BlackEloChange "6"]

1. e4 {[%clk 1:30:57]} e5 {[%clk 1:30:37]} 2. Nf3 {[%clk 1:31:23]} Nc6 {[%clk
1:30:48]} 3. Bb5 {[%clk 1:31:48]} Bc5 {[%clk 1:26:13]} 4. O-O {[%clk 1:31:57]} d6
{[%clk 1:26:05]} 5. d4 {[%clk 1:25:12]} exd4 {[%clk 1:21:12]} 6. Nxd4 {[%clk
1:25:25]} Bd7 {[%clk 1:21:20]} 7. Nxc6 {[%clk 1:24:16]} bxc6 {[%clk 1:21:31]} 8.
Bd3 {[%clk 1:23:07]} Rb8 {[%clk 1:20:48]} 9. Qf3 {[%clk 1:18:34]} Nf6 {[%clk
1:16:59]} 10. Nd2 {[%clk 1:14:32]} Ng4 {[%clk 1:06:56]} 11. h3 {[%clk 1:03:51]}
Ne5 {[%clk 1:06:11]} 12. Qg3 {[%clk 1:04:16]} Qf6 {[%clk 1:05:02]} 13. Be2 {[%clk
1:02:15]} h5 {[%clk 0:57:47]} 14. Nb3 {[%clk 1:01:45]} Bb6 {[%clk 0:57:34]} 15.
Qg5 {[%clk 0:54:44]} c5 {[%clk 0:49:42]} 16. c4 {[%clk 0:44:01]} Be6 {[%clk
0:46:35]} 17. Qxf6 {[%clk 0:44:23]} gxf6 {[%clk 0:46:35]} 18. Nd2 {[%clk
0:44:43]} Ba5 {[%clk 0:47:16]} 19. b3 {[%clk 0:44:50]} Bc3 {[%clk 0:47:27]} 20.
Rb1 {[%clk 0:45:12]} f5 {[%clk 0:47:23]} 21. f4 {[%clk 0:32:57]} Nc6 {[%clk
0:46:00]} 22. Bf3 {[%clk 0:27:17]} Nb4 {[%clk 0:45:14]} 23. exf5 {[%clk 0:25:35]}
Bxf5 {[%clk 0:44:28]} 24. Be4 {[%clk 0:25:47]} Bd4+ {[%clk 0:44:04]} 25. Kh2
{[%clk 0:26:01]} Bxe4 {[%clk 0:43:52]} 26. Nxe4 {[%clk 0:26:24]} Nxa2 {[%clk
0:43:00]} 27. Bb2 {[%clk 0:22:11]} Bxb2 {[%clk 0:41:12]} 28. Rxb2 {[%clk
0:22:36]} Nb4 {[%clk 0:41:30]} 29. Re2 {[%clk 0:20:18]} Kf8 {[%clk 0:40:57]} 30.
Nc3 {[%clk 0:15:57]} a6 {[%clk 0:40:05]} 31. f5 {[%clk 0:15:39]} Re8 {[%clk
0:36:28]} 32. Rxe8+ {[%clk 0:12:57]} Kxe8 {[%clk 0:36:57]} 33. Kg3 {[%clk
0:10:54]} Rg8+ {[%clk 0:36:56]} 34. Kh2 {[%clk 0:10:28]} f6 {[%clk 0:34:24]} 35.
Ne4 {[%clk 0:09:11]} Kf7 {[%clk 0:34:27]} 36. Ng3 {[%clk 0:09:37]} h4 {[%clk
0:34:11]} 37. Nh5 {[%clk 0:10:01]} Nd3 {[%clk 0:32:26]} 38. Rf3 {[%clk 0:08:06]}
Ne1 {[%clk 0:30:43]} 39. Rf2 {[%clk 0:07:39]} Rg5 {[%clk 0:30:41]} 40. g4 {[%clk
0:07:12]} hxg3+ {[%clk 0:28:52]} 41. Nxg3 {[%clk 0:07:35]} Nd3 {[%clk 0:29:07]}
42. Ra2 {[%clk 0:07:12]} Nb4 {[%clk 0:29:18]} 43. Re2 {[%clk 0:05:55]} Nc6 {[%clk
0:29:22]} 44. Re4 {[%clk 0:28:32]} Nd4 {[%clk 0:58:24]} 45. h4 {[%clk 0:28:38]}
Rg8 {[%clk 0:57:17]} 46. b4 {[%clk 0:24:50]} a5 {[%clk 0:55:13]} 47. bxa5 {[%clk
0:22:56]} Ra8 {[%clk 0:55:15]} 48. h5 {[%clk 0:22:07]} Rxa5 {[%clk 0:54:52]} 49.
h6 {[%clk 0:21:47]} Ra2+ {[%clk 0:53:32]} 50. Kh3 {[%clk 0:20:26]} Nf3 {[%clk
0:53:16]} 51. Kg4 {[%clk 0:19:24]} Ng5 {[%clk 0:52:23]} 52. Rf4 {[%clk 0:19:33]}
Rg2 {[%clk 0:50:15]} 53. Rf1 {[%clk 0:13:42]} Ne4 {[%clk 0:50:11]} 54. Kf3 {[%clk
0:14:03]} Nxg3 {[%clk 0:41:31]} 55. Ra1 {[%clk 0:14:05]} Nxf5 {[%clk 0:39:44]}
56. Kxg2 {[%clk 0:14:27]} Nxh6 {[%clk 0:40:10]} 57. Ra7 {[%clk 0:14:19]} Ke6
{[%clk 0:40:32]} 58. Rxc7 {[%clk 0:14:38]} Ng4 {[%clk 0:40:26]} 59. Rc8 {[%clk
0:12:08]} Ne3+ {[%clk 0:40:47]} 60. Kf3 {[%clk 0:12:35]} Nxc4 {[%clk 0:41:09]}
61. Re8+ {[%clk 0:12:25]} Kd5 {[%clk 0:40:52]} 62. Rf8 {[%clk 0:12:27]} Ne5+
{[%clk 0:41:11]} 63. Ke2 {[%clk 0:12:38]} Nd7 {[%clk 0:40:35]} 64. Kd3 {[%clk
0:11:57]} Nxf8 {[%clk 0:40:47]} 0-1